LDR 00978naa#a2200181#i#450# 001 RU\\bibl\123415 005 20260706010436.1 011 ## _a1994-4683 100 ## _a20230731b2023####ek#y0rusy0150####ca 102 ## _aRU 200 1# _aДИНАМИКА ТЕХНИЧЕСКОЙ СЛОЖНОСТИ ПРОИЗВОЛЬНЫХ ПРОГРАММ В МУЖСКОМ ОДИНОЧНОМ КАТАНИИ В СЕЗОНАХ 2017-2022 ГГ. _eЖурнальная статья 210 1# _aМосква _cНациональный государственный Университет физической культуры, спорта и здоровья им. П.Ф. Лесгафта _d2023 215 ## _a4 с. 608 ## _aЖурнальная статья _2local 675 ## _aФигурное катание на коньках. 796.912 _z 700 #1 _aСезганов _gВладислав Дмитриевич 700 #1 _aЕремина _gВероника Евгеньевна 856 4# _auchzapiski.lesgaft.spb.ru _u